000 00720nam a2200217Ia 4500
001 14859
003 GE_BSU
008 181216s||||||||xx |||||||||||||| ||und||
040 _cGE_BSU
080 _a519.6(075.32)
100 _aБогомолов Н.В.
245 _aПрактические занятия с логарифмической линейкой
245 _bучеб пособие для сред. спец. учеб. заведений.
260 _aМосква
260 _bВысшая школа
260 _c1977
300 _a103стр.20см.
300 _eТабл.
653 _aПрактические занятия с логарифмической линейкой
942 _cBK
999 _c47981
_d47981